000 00486nam a2200169 4500
001 107227
003 ES-MaACL
005 20230906184354.0
007 t|
008 061121s1972 sp r ||||1| spa d
100 1 _aMorison, Samuel Eliot.
_983580
245 1 0 _aHistoria del pueblo americano /
_cSamuel Eliot Morison.
250 _a1ª. ed.
260 _aBarcelona :
_bLuis de Caralt,
_c1972.
300 _a2v., 8 láms. :
_bil. ;
_c22 cm.
852 _aES-MaACL
_jC-45112-3
_bR.83934
999 _c107227
_d107227